000 00760nam a2200229Ii 4500
003 JO-AjNU
008 230605s9999||||xx |||||||||||||| ||und||
017 _a1985/2076
020 _a977-10-0134-5
040 _aJO-AjNU
_bara
_erda
_cJO-AjNU
041 _aara
050 1 4 _aGV839.M3372 1985
100 3 _aناصيف، محمود نبيه، م.مشارك راتب، اسامه كامل,
_eauthor
_914371
245 0 0 _aأسس تدريب كرة الماء
250 _aط1
264 3 1 _aالقاهرة: دار الفكر العربي، 1985
300 _a157ص
_bصور توضبحية
336 _atext
_btxt
_2rdacontent
337 _aunmediated
_bn
_2rdamedia
338 _avolume
_bnc
_2rdacarrier
650 4 _aكرة الماء - الرياضة
_914372
999 _aA3816
_c7384
_d7384